000 00535nam a2200181Ia 4500
005 20250423094940.0
008 250422s9999 xx 000 0 und d
020 _a9781482230451
050 _aR 723.7 .B66/
100 _aBootland, Dunca... [et al.]
245 0 _aCritical appraisal from papers to patient : a practical guide
260 _aNew York
260 _bCRC Press Taylor & Francis Group
260 _c2017
300 _a201 p
650 _aEvidence-Based Medicine Test Taking Skills Statistics as Topic
942 _cBK
999 _c28779
_d28779